New Zealand Rugby All Blacks - Conceded 30 points in a win - Statistics

General Stats
  • This quiz has been taken 59 times
    14 since last reset
  • The average score is 8 of 10
Answer Stats
Score Year Opponent % Correct
39-35 2000 Australia
100%
35-32 1997 South Africa
100%
55-35 1997 South Africa
100%
41-33 2013 Australia
82%
53-37 2003 Wales
82%
54-34 2017 Australia
73%
48-30 1995 Scotland
73%
62-31 1996 Scotland
64%
32-30 2018 South Africa
64%
69-31 2018 Japan
45%
No matching quizzes found
Score Distribution
Percent of People with Each Score
Percentile by Number Answered
Your Score History
You have not taken this quiz since the last reset